COURS 7 : Bipolarisation et émergence du tiers monde - Statistiques

Statistiques générales
  • Ce quiz a été pris 18 fois
    10 depuis la dernière actualisation
  • Le résultat moyen est 24 sur 60
Statistiques - réponses
Événements Date % Correct
Création du Pacte de Bagdad 1955
80%
La conférence de Bandung avril 1955
80%
Doctrine Truman 12 mars 1947
60%
Discours de Brazzaville sur l'Union Française 1944
60%
ANZUS 1951
60%
OTASE 1954
60%
Création du pacte de Varsovie 1955
60%
Lancement du satellite Spoutnik par l’URSS 1957
60%
Grand bond en avant 1958
60%
Castro renverse Batista 1959
60%
Indépendance des colonies d’Afrique subsaharienne françaises 1960
60%
Création de l’OLP 1964
60%
La Chine fait exploser sa première bombe atomique 1964
60%
Accords d’Helsinki 1975
60%
Premiers pas sur la lune, mission américaine Apollo 11 21 juillet 1969
60%
Massacre de Sétif 8 mai 1945
60%
Création RFA Mai 1949
60%
Création RDA Octobre 1949
60%
La crise de Cuba octobre 1962
60%
La guerre du Kippour octobre 1973
60%
Traité d’amitié sino-soviétique 14 février 1950
40%
Proclamation de l’Etat d’Israël 14 mai 1948
40%
Début de « la chasse aux sorcières » aux Etats-Unis 1952
40%
Les Etats-Unis font exploser la première bombe H 1952
40%
Nasser prend le pouvoir en Égypte 1952
40%
Rupture sino-soviétique 1962
40%
CNUCED 1964
40%
La révolution culturelle en Chine 1966-1976
40%
Accords SALT 1972
40%
Kennedy annonce que l'URSS installent des rampes 22 octobre 1962
40%
Khrouchtchev est prêt à négocier (Cuba) 26 octobre 1962
40%
Fin de la crise de Cuba 28 octobre 1962
40%
Ho Chi Minh déclare l'indépendance 2 septembre 1945
40%
La guerre des 6 jours 5-10 juin 1967
40%
Le discours de Fulton 5 mars 1946
40%
Le coup de Prague février 1948
40%
Le XXe congrès du PCUS et la déstalinisation février 1956
40%
Création du Comecon janvier 1949
40%
Nasser nationalise Suez juillet 1956
40%
Le blocus de Berlin juin 1948- mai 1949
40%
La guerre de Corée juin 1950-juillet 1953
40%
Indépendances de la Tunisie et du Maroc mars 1956
40%
La construction du mur de Berlin 12-13 août 1961
20%
Indépendance de l’Inde et du Pakistan 15 août 1947
20%
Indonésie se déclare indépendant 17 aout 1945
20%
Engagement massif de l’armée américaine au Vietnam 1965-1975
20%
Visite de J.F.Kennedy à Berlin-ouest 26 juin 1963
20%
Assassinat de Martin Luther King 4 avril 1968
20%
L’URSS fait exploser sa première bombe atomique août 1949
20%
Youri Gagarine, 1er homme dans l’espace avril 1961
20%
Débarquement de la baie des Cochons avril 1961
20%
Printemps de Prague janvier-août 1968
20%
Les JO de Mexico octobre 1968
20%
La crise de Suez octobre-novembre 1956
20%
Mise en place du plan Marshall 1947-1948
0%
Création de l’OTAN 1949-1950
0%
Accords de Moscou 1963
0%
RFA et RDA se reconnaissent 1972
0%
Pays Bas reconnaissent Indonésie 27 décembre 1949
0%
Traité sur la non-prolifération des armes nucléaire juillet 1968
0%
Aucun quiz correspondant
Distribution des résultats
% des personnes avec chaque résultat
Percentile par nombre de réponses
Votre historique - résultats
Vous n’avez pas pris ce quiz depuis la dernière actualisation